000 00773nam a2200253 i 4500
001 bgj
100 1 _aWRIGHT, Betty Ren.
245 1 0 _aThe Secret Window /
_cBetty Ren Wright.
260 _aNew York :
_bScholastic Inc.,
_cc. 1982.
300 _a149 pp ;
_c20 cm.
490 1 _aApple Paperbacks
505 _aMeg is afraid to tell anyone when her dreams literally start coming true but she needs help before she can learn to use her gift of seeing into the future.
650 9 _aDreams
650 9 _aTeenage girls
650 9 _aExtrasensory perception
655 _aFiction
830 _aApple Paperbacks
020 _a0590331183
040 _cBPK
041 0 _aeng
920 _a0-590-33118-3
942 _cKS
008 s uk f |000 0 eng
999 _c48525
_d48525
856 _uhttp://koha.tu.koszalin.pl/cgi-bin/koha/opac-detail.pl?biblionumber=48525
_yKatalog online BPK